000 00710nam a2200277 a 4500
003 AR-BaBNM
005 20251128203537.0
008 082120s2002 ||||||||||||||000 | spa||
040 _cAR-BaBNM
100 1 _aWarat, Luis Alberto
245 0 0 _aLenguaje y definición jurídica
260 _aBuenos Aires
_bCooperadora de Derecho y Ciencias Sociales
_c1973
300 _a90 p.
500 _aNotas a pie de página
600 1 4 _aSchaff, Adam
650 4 _aDERECHO
650 4 _aTERMINOLOGIA
650 4 _aLINGÜISTICA
650 4 _aVOCABULARIO
650 4 _aINTERPRETACION
650 4 _aLEGISLACION
650 4 _aJUECES
700 1 _aMartino, Antonio Anselmo
942 _cBK
998 _cAndrea
999 _c3875
_d3875